00528nam a22001217a 4500008004100000020001500041050002200056245020000078260003700278300002200315440002500337800004400362140820b xxu||||| |||| 00| 0 eng d a0406095744 aKD279.4.L39(1972) aThe Law Reports (1972) Family Division: and on Appeal therefrom in the Court of Appeal and decisions in the Ecclesiastical Courts. /cedited by R.H. Graveson, C.J. Ellis and assisted by A.H. Bray aLondon:bPear tree press,c1972. avii, 307p.c24cm. pFamily Division 1972 aGraveson, R.H.aEllis, C.J.aBray, A.H.